00339nam a2200109Ia 4500008004100000082001500041100002000056245003800076942000600114952009600120999001300216240331s9999 xx 000 0 und d a294.4bKAL aKalghatgi, T.G. 0aJainism :bthrough prakrt sources cL 001040708LaWERCLbWERCLcSSCd2024-03-31l0o 294.4 KALp641r2024-03-31w2024-03-31yL c935d935